<?xml version="1.0" encoding="UTF-8"?><?xml-stylesheet type="text/xsl" href="static/style.xsl"?><OAI-PMH xmlns="http://www.openarchives.org/OAI/2.0/" xmlns:xsi="http://www.w3.org/2001/XMLSchema-instance" xsi:schemaLocation="http://www.openarchives.org/OAI/2.0/ http://www.openarchives.org/OAI/2.0/OAI-PMH.xsd"><responseDate>2026-06-01T13:37:22Z</responseDate><request verb="GetRecord" identifier="oai:riuma.uma.es:10630/15523" metadataPrefix="marc">https://riuma.uma.es/rest/oai/request</request><GetRecord><record><header><identifier>oai:riuma.uma.es:10630/15523</identifier><datestamp>2026-02-03T12:24:59Z</datestamp><setSpec>com_10630_2254</setSpec><setSpec>col_10630_37959</setSpec></header><metadata><record xmlns="http://www.loc.gov/MARC21/slim" xmlns:dcterms="http://purl.org/dc/terms/" xmlns:doc="http://www.lyncode.com/xoai" xmlns:xsi="http://www.w3.org/2001/XMLSchema-instance" xsi:schemaLocation="http://www.loc.gov/MARC21/slim http://www.loc.gov/standards/marcxml/schema/MARC21slim.xsd">
   <leader>00925njm 22002777a 4500</leader>
   <datafield ind2=" " ind1=" " tag="042">
      <subfield code="a">dc</subfield>
   </datafield>
   <datafield ind2=" " ind1=" " tag="720">
      <subfield code="a">Fernández García, Marcos</subfield>
      <subfield code="e">author</subfield>
   </datafield>
   <datafield ind2=" " ind1=" " tag="260">
      <subfield code="c">2018-04-09</subfield>
   </datafield>
   <datafield ind2=" " ind1=" " tag="520">
      <subfield code="a">El uso de luz solar como fuente excitatriz de procesos químicos es uno de los retos de mayor importancia en la Química del Siglo XXI. Dentro de este campo, en esta conferencia se describe el uso de luz solar en procesos foto y thermo-photo catalíticos. En particular, se describe la utilización completa, en los rangos UV, visible y de IR cercano (desde aprox. 280 to 1000 nm), del espectro electromagnético por sistemas catalíticos basados en óxido de titanio como componente primario de materiales multicomponentes. Inicialmente se describirán las propiedades de la titania en relación al uso de la luz solar y muy particularmente el rango UV-visible, para, posteriormente; i) analizar el dopado de dicho óxido [1], así como ii) la combinación del dopado con la sensitización superficial por fases sólidas tipo metal, óxido y/o de carbono [2], para permitir, en ambos casos, el aprovechamiento máximo de las tres regiones mencionadas del espectro electromagnético de la luz solar. Se presentarán ejemplos de aplicación de estos sistemas a procesos de descontaminación química y biológica de agua y aire [3], así como para la producción de hidrógeno como vector energético de futuro [4].</subfield>
   </datafield>
   <datafield ind1="8" ind2=" " tag="024">
      <subfield code="a">https://hdl.handle.net/10630/15523</subfield>
   </datafield>
   <datafield tag="653" ind2=" " ind1=" ">
      <subfield code="a">Luz solar - Conferencias</subfield>
   </datafield>
   <datafield ind2="0" ind1="0" tag="245">
      <subfield code="a">Fotocatálisis con luz solar: aplicaciones en energía y medioambiente</subfield>
   </datafield>
</record>
</metadata></record></GetRecord></OAI-PMH>